000 01671cam a22002174a 4500
005 20250605164407.0
008 250528s ||||||||||||||||||||||||d
035 _a24873
020 _a9780071107266
040 _aGR-AtMCL
_bgre
_dGR-AtMCL
_eAACR2
245 1 _aExercise Physiology / Theory and Application to Fitness and Performance: Sixth Edition
250 _a6th
260 _bMcgraw Hill,
_c2007
300 _a594
520 _aPhysiology of Exercise, Physiology of Exercise in the United States - Its Past and Its Future, Control of the Internal Environment, Bioenergetics, Exercise Metabolism, Hormonal Responses to Exercise, Measurement of Work and Power and Energy Expenditure, The Nervous System: Structure and Control of Movement, Skeletal Muscle: Structure and Function, Circulatory Responses to Exercise, Respiration During Exercise, Acid-Base Balance During Exercise, Temperature Regulation, The Physiology of Training: Effect on VO2 Max and Performance and Homeostasis and Strength, Physiology of Health and Fitness, Patterns in Health and Disease: Epidemiology and Physiology, Work Tests to Evaluate Cardiorespiratory Fitness, Exercise Prescriptions for Health and Fitness, Exercise for Special Populations, Body Composition and Nutrition for Health, Physiology of Performance, Factors Affecting Performance, Laboratory Assessment of Human Performance, Training for the Female Athlete and Children and Special Populations, Nutrition and Body Composition and Performance, Exercise and the Environment, Ergogenic Aids.
700 1 _aHowley Edward T
_96178
700 1 _aPowers Scott K
_99615
942 _cBK
999 _c9710
_d9710